000 00695nam a2200241Ia 4500
003 OSt
005 20220927105033.0
006 a|||||r|||| 00| 0
007 ta
008 220926b |||||||| |||| 00| 0 eng d
024 _a187653
037 _cReference Collections
040 _aRTL
_cRTL
_beng
041 _2eng
_aeng
082 _a"X62.281.N46r, H6/GD"
110 _aPRATAP BANK LTD.
_9369784
245 0 _aAnnual report and balance sheet 1946
260 _aNew
_bDelhi Pratap Bank Ltd.
_c1946
300 _a10p
_ccm.
700 _aPRATAP BANK LTD.
_9369785
942 _h"X62.281.N46r, H6/GD"
_cCC
999 _c690407
_d690407